000
00301nam a2200145Ia 4500
100
_a
Taylor/ A.H.
942
_c
BK
654
_a
Costing
245
_a
Costing : A Management approach
260
_b
Pan Books
_c
1974
082
_a
657.42
_b
TAY
300
_a
192
546
_a
ENGLISH
999
_c
18151
_d
18151